[Event "Open - 5 Day"]
[Site "Philadephia"]
[Date "2001.07.04"]
[Round "1"]
[White "Traldi, Matthew"]
[Black "Quinn, James F"]
[Result "1-0"]
[WhiteElo "2262"]
[BlackElo "1444"]
[PlyCount "35"]

1. e4 c5 2. Nf3 d6 3. d4 cxd4 4. Nxd4 Nf6 5. Nc3 a6 6. Be2 e5 7. Nb3 b5 8. Be3
Bb7 9. O-O Nxe4 10. Nxe4 Bxe4 11. Bf3 Bc6 12. Re1 Qc7 13. Nd4 exd4 14. Bg5+ Be7
15. Bxe7 Qxe7 16. Qxd4 Qxe1+ 17. Rxe1+ Kd7 18. Qxg7 1-0

[Event "Open - 7 Day"]
[Site "Philadelphia"]
[Date "2001.07.02"]
[Round "1"]
[White "Nakamura, Hikaru"]
[Black "Wall, Brian"]
[Result "1/2-1/2"]
[WhiteElo "2412"]
[BlackElo "2200"]
[PlyCount "189"]
[EventDate "2001.07"]

1. e4 g6 2. d4 Bg7 3. Nc3 d5 4. exd5 Nf6 5. Bb5+ Nbd7 6. Nf3 O-O 7. O-O Nb6 8.
Be2 Bg4 9. h3 Bxf3 10. Bxf3 Nbxd5 11. Nxd5 Nxd5 12. Qe2 c6 13. c4 Nc7 14. Be3
Bxd4 15. Bxd4 Qxd4 16. Qxe7 Rac8 17. b3 Rfe8 18. Qb4 Qb6 19. Qc3 Ne6 20. Rad1
c5 21. Kh1 Nd4 22. Bd5 a5 23. Rfe1 Qc7 24. Qg3 Qxg3 25. fxg3 b6 26. Rf1 Rc7 27.
Rf6 Re2 28. g4 Kg7 29. Rxb6 Rxa2 30. Rf1 f5 31. g5 Re2 32. Rb8 h6 33. h4 hxg5
34. hxg5 Ne6 35. Re8 Kf7 36. Rxe6 Rxe6 37. Re1 Rcc6 38. Re5 Ke7 39. Bxe6 Rxe6
40. Rxc5 Re3 41. Rb5 Rc3 42. Kh2 a4 43. bxa4 Rxc4 44. Rb7+ Ke6 {Diagram} 45. a5
({Fritz 5.32:} 45. Rb6+ Ke5 46. a5 Ra4 47. a6 f4 48. Rf6 {1.63/13}) 45... f4
46. Rb5 Rc3 47. Kg1 Rc2 48. Rb4 Ra2 49. Rxf4 Rxa5 50. Rf6+ Ke7 51. Rxg6 Kf7 52.
Rc6 Rxg5 53. Kf2 Kg7 54. Kf3 Ra5 55. Kg4 Rb5 56. Kh4 Ra5 57. Re6 Kf7 58. Rh6
Kg7 59. Rh5 Ra6 60. g3 Rb6 61. Rd5 Ra6 62. Rd7+ Kg8 63. Kh5 Rb6 64. Kg5 Ra6 65.
Kf5 Rb6 66. Re7 Ra6 67. Re6 Ra7 68. g4 Kf7 69. Re5 Ra6 70. Kg5 Kg7 71. Rf5 Rb6
72. Rd5 Ra6 73. Rd7+ Kg8 74. Kf5 Rb6 75. g5 Ra6 76. Re7 Rb6 77. Kg4 Ra6 78. Kh5
Rb6 79. Kh4 Ra6 80. Kg3 Ra4 81. Kf3 Rb4 82. Kg3 Ra4 83. Kh3 Rb4 84. Rd7 Ra4 85.
Kg3 Rb4 86. Kf3 Ra4 87. Re7 Rb4 88. Re4 Rxe4 89. Kxe4 Kg7 90. Kf5 Kf7 91. g6+
Kg7 92. Kg5 Kg8 93. Kh6 Kh8 94. g7+ Kg8 95. Kg6 1/2-1/2

[Event "Open - 7 Day"]
[Site "Philadelphia"]
[Date "2001.07.02"]
[Round "1"]
[White "Nsubuga, Grace"]
[Black "Nolan, Gregory M"]
[Result "1-0"]
[WhiteElo "2364"]
[BlackElo "2105"]
[PlyCount "87"]
[EventDate "2001.07"]

1. e4 Nf6 2. d3 d6 3. g3 g6 4. Bg2 Bg7 5. Ne2 e5 6. Nbc3 Nc6 7. O-O O-O 8. f4
Nd4 9. h3 h6 10. Nxd4 exd4 11. Ne2 Nh7 12. g4 Qe7 13. Ng3 c6 14. Bd2 Bd7 15.
Qf3 Rae8 16. f5 c5 17. Rae1 Bc6 18. Ne2 g5 19. Ng3 f6 20. c3 Qf7 21. cxd4 Qxa2
22. d5 Bd7 23. Bc3 Ra8 24. Ra1 Qb3 25. Ra3 Qb5 26. Rfa1 a6 27. Nh5 b6 28. Qg3
Rfd8 29. Nxg7 Kxg7 30. Qxd6 Nf8 31. Qg3 Re8 32. b3 a5 33. Bf1 Qa6 34. d4 Bb5
35. e5 cxd4 36. exf6+ Kg8 37. Bxd4 Bxf1 38. Rxf1 Qb5 39. d6 Rec8 40. Ra2 Qb4
41. Ra4 Qb5 42. d7 Rd8 43. Qe3 Rdb8 44. Rc1 1-0

[Event "Open - 7 Day"]
[Site "Philadelphia"]
[Date "2001.07.03"]
[Round "1"]
[White "Rogers, Norman"]
[Black "Chak, Mark"]
[Result "1-0"]
[WhiteElo "2323"]
[BlackElo "2000"]
[PlyCount "89"]
[EventDate "2001.07"]

1. e4 e6 2. d4 d5 3. Nc3 Nf6 4. Bg5 Be7 5. e5 Nfd7 6. h4 a6 7. Qg4 h5 8. Qg3 g6
9. Nf3 c5 10. O-O-O Nc6 11. Bd3 cxd4 12. Ne2 Bxg5+ 13. hxg5 Nc5 14. Kb1 Nxd3
15. cxd3 Bd7 16. Qf4 Rf8 17. g4 hxg4 18. Nh2 Qe7 19. Rc1 O-O-O 20. Nxg4 Rh8 21.
Nh6 Rhf8 22. Ng4 Rh8 23. Nh6 Rhf8 24. Nxd4 Kb8 25. Nb3 Nb4 26. Nc5 Nc6 27. Rc3
Rc8 28. Rhc1 Rc7 29. b4 Rfc8 30. Qxf7 Qxf7 31. Nxf7 Rf8 32. Nd6 Ka7 33. Ndxb7
Nxe5 34. Nxd7 Rxd7 35. Nc5 Rd6 36. Re1 Nf3 37. Rxe6 Rxe6 38. Nxe6 Rf5 39. Rc6
Nxg5 40. Nc5 a5 41. b5 d4 42. b6+ Kb8 43. Rc7 Rf7 44. Na6+ Ka8 45. b7+ 1-0

[Event "Open - 7 Day"]
[Site "Philadelphia"]
[Date "2001.07.02"]
[Round "1"]
[White "Rowley, Robert"]
[Black "Rust, Larry"]
[Result "1/2-1/2"]
[WhiteElo "2302"]
[BlackElo "1875"]
[PlyCount "42"]
[EventDate "2001.07"]

1. d4 Nf6 2. Nf3 c5 3. g3 cxd4 4. Nxd4 e5 5. Nf3 Nc6 6. Bg2 d5 7. O-O h6 8. c4
d4 9. e3 Be7 10. exd4 exd4 11. b3 O-O 12. Bb2 Bc5 13. a3 a5 14. b4 $6 {Diagram}
14... axb4 15. axb4 Rxa1 16. Bxa1 Nxb4 17. Nxd4 Qb6 18. Nb3 Rd8 19. N1d2 Bg4 {
Diagram} 20. Bf3 Bh3 21. Bg2 Bg4 1/2-1/2

[Event "Open - 7 Day"]
[Site "Philadelphia"]
[Date "2001.07.02"]
[Round "1"]
[White "Solon, Nathan W"]
[Black "Vovsha, E ."]
[Result "0-1"]
[WhiteElo "2219"]
[BlackElo "2471"]
[PlyCount "66"]
[EventDate "2001.07"]

1. d4 d6 2. c4 e5 3. Nf3 e4 4. Ng1 f5 5. Nc3 Nf6 6. Bg5 Be7 7. e3 c6 8. Nh3 O-O
9. Nf4 Na6 10. Qb3 Nc7 11. Be2 Rb8 12. O-O-O Ne6 13. Nxe6 Bxe6 14. d5 Bf7 15.
Bf4 Qa5 16. Kb1 b5 17. c5 dxc5 18. Bxb8 Rxb8 19. f3 Rb6 20. g4 c4 21. Qc2 b4
22. Qa4 Qc5 23. d6 Bxd6 24. Rxd6 Qxd6 25. Qxa7 Rb8 26. Na4 exf3 27. Bxf3 fxg4
28. Rd1 Qxh2 29. Bxc6 c3 30. Rh1 Qe5 31. e4 c2+ 32. Kxc2 Rc8 33. Kb1 Rxc6 0-1

[Event "Open - 7 Day"]
[Site "Philadelphia"]
[Date "2001.07.02"]
[Round "1"]
[White "Vest, David M"]
[Black "Andrianov, Nikolay"]
[Result "0-1"]
[WhiteElo "2247"]
[BlackElo "2477"]
[PlyCount "60"]
[EventDate "2001.07"]

1. c4 g6 2. Nc3 Bg7 3. g3 e5 4. Bg2 Nc6 5. e3 d6 6. Nge2 h5 7. d4 h4 8. b4 h3
9. Bf3 Qf6 10. Be4 exd4 11. Nd5 Qe5 12. Bf3 d3 13. Qxd3 Qxa1 14. Nxc7+ Kd7 15.
Nb5 Bf8 16. Bxc6+ bxc6 17. Nxd6 Bxd6 18. c5 Qe5 19. Nf4 g5 20. Bb2 Qxb2 21.
Qxd6+ Ke8 22. Qxc6+ Kf8 23. O-O gxf4 24. Qxa8 Ne7 25. Qe4 fxg3 26. fxg3 Qg2+
27. Qxg2 hxg2 28. Rd1 Bh3 29. Rd4 Nc6 30. Re4 Kg7 0-1

[Event "Open - 7 Day"]
[Site "Philadelphia"]
[Date "2001.07.02"]
[Round "1"]
[White "Weeramantry, Sunil"]
[Black "Braylovsky, Gregor"]
[Result "0-1"]
[WhiteElo "2200"]
[BlackElo "2437"]
[PlyCount "132"]
[EventDate "2001.07"]

1. e4 c5 2. Nc3 d6 3. f4 Nc6 4. Nf3 g6 5. Bb5 Bd7 6. Bxc6 Bxc6 7. d3 Bg7 8. O-O
b5 9. Qe1 b4 10. Nd1 Nf6 11. Kh1 O-O 12. Qh4 Nd7 13. f5 e6 14. Bg5 f6 15. fxg6
hxg6 16. Bd2 d5 17. exd5 Bxd5 18. Ne3 Bxf3 19. Rxf3 Ne5 20. Rh3 f5 21. Nc4 Qxh4
22. Rxh4 Nxc4 23. Rxc4 Bxb2 24. Re1 e5 25. Rxc5 a5 26. c3 bxc3 27. Bxc3 Bxc3
28. Rxc3 Rac8 29. Rec1 Rxc3 30. Rxc3 Kf7 31. Kg1 Rd8 32. Kf2 Rd4 33. g3 Kf6 34.
Ke3 Ra4 35. a3 Kg5 36. h3 f4+ 37. gxf4+ exf4+ 38. Kf3 Kh4 39. Rc6 Kh5 40. Rc4
Rxa3 41. Kxf4 Rxd3 42. Rc5+ Kh4 43. Rxa5 Rb3 44. Ra8 g5+ 45. Kf5 Rb5+ 46. Ke4
Kxh3 47. Ra3+ Kg4 48. Ra1 Kg3 49. Ra3+ Kh4 50. Kf3 Rb2 51. Ke3 g4 52. Ra8 Kg3
53. Rg8 Kh3 54. Kf4 Rb4+ 55. Ke3 g3 56. Kf3 Rb3+ 57. Ke2 Kg2 58. Rh8 Kg1 59.
Rh3 Rb2+ 60. Ke1 g2 61. Rh8 Rb7 62. Re8 Rh7 63. Rg8 Kh1 64. Kf2 Rf7+ 65. Ke2
g1=Q 66. Rh8+ Qh2+ 0-1

[Event "Open - 2 Weekend"]
[Site "Philadephia"]
[Date "2001.06.30"]
[Round "1"]
[White "Roisario, Sal"]
[Black "Rubenchek, Rideon"]
[Result "1/2-1/2"]
[WhiteElo "2100"]
[BlackElo "2366"]
[PlyCount "103"]
[EventDate "2001.07.03"]

1. d4 d5 2. c4 c6 3. cxd5 cxd5 4. Nc3 Nf6 5. Bf4 Nc6 6. e3 Bg4 7. f3 Bd7 8. Bd3
e6 9. h3 Be7 10. Nge2 O-O 11. O-O Rc8 12. Rc1 Na5 13. Bb1 b5 14. a4 b4 15. Nb5
Rxc1 16. Nxc1 a6 17. Nc7 Bc8 18. Qd3 Nc4 19. b3 Na3 20. Ne2 a5 21. Rc1 Bd6 22.
Na6 Bxf4 23. exf4 Nxb1 24. Rxb1 Bxa6 25. Qxa6 Qc8 26. Qd3 Qb7 27. Rc1 Rc8 28.
Rxc8+ Qxc8 29. Qb5 Qc7 30. Kf2 g6 31. g4 Kg7 32. Qd3 Ne8 33. Ke3 Nd6 34. Kd2 h5
35. Qe3 hxg4 36. hxg4 Qc6 37. Qd3 Kf8 38. Qc2 Qxc2+ 39. Kxc2 Kg7 40. Kd3 Kf6
41. Ke3 g5 42. Nc1 Nc8 43. Nd3 Ne7 44. Ne5 gxf4+ 45. Kxf4 Kg7 46. Ke3 f6 47.
Nd7 Nc6 48. f4 Kf7 49. Nc5 Ke7 50. Nd3 Kf7 51. Nc5 Ke7 52. Nd3 1/2-1/2

[Event "U2200 - 7 Day"]
[Site "Philadephia"]
[Date "????.??.??"]
[Round "1"]
[White "Salts"]
[Black "Ware, Ahmoad"]
[Result "1/2-1/2"]
[WhiteElo "2039"]
[BlackElo "2143"]
[PlyCount "98"]
[EventDate "2001.07.03"]

1. g3 c5 2. Bg2 Nc6 3. c3 g6 4. d4 cxd4 5. cxd4 Bg7 6. d5 Ne5 7. d6 Nc4 8. dxe7
Qa5+ 9. Nd2 Nxb2 10. Qb3 Na4 11. Rb1 Nc3 12. Nc4 Qxa2 13. Bg5 Nxe7 14. Nd6+ Kf8
15. Qxa2 Nxa2 16. Bxb7 Bxb7 17. Rxb7 h6 18. Be3 Be5 19. Nc4 Bc3+ 20. Bd2 d5 21.
Bxc3 Nxc3 22. Na5 Nf5 23. Nf3 Kg7 24. Ne5 Nd6 25. Rd7 Rhd8 26. Rxd8 Rxd8 27.
Nec6 Re8 28. e3 Ncb5 29. O-O Nc4 30. Nb3 Re6 31. Nb4 Nc3 32. Nc5 Rb6 33. Nca6
Na2 34. Nxa2 Rxa6 35. Nc3 Rd6 36. Rd1 a5 37. Nxd5 Nb6 38. e4 Nxd5 39. exd5 Kf6
40. f4 a4 41. Rd4 a3 42. Ra4 Rxd5 43. Rxa3 Rd2 44. Ra5 h5 45. h4 Ke6 46. Re5+
Kf6 47. Ra5 Ke6 48. Re5+ Kd6 49. Ra5 Ke6 1/2-1/2

[Event "Open - 5 Day"]
[Site "Philadephia"]
[Date "2001.07.04"]
[Round "1"]
[White "Bailleau, Gerald"]
[Black "Gonzales, Jayson O"]
[Result "0-1"]
[WhiteElo "2147"]
[BlackElo "2370"]
[PlyCount "60"]
[EventDate "2001.07.04"]

1. e4 Nf6 2. e5 Nd5 3. d4 d6 4. Nf3 Bg4 5. c4 Nb6 6. exd6 exd6 7. Be2 Be7 8.
Be3 O-O 9. Nbd2 Re8 10. Qb3 Bf6 11. h3 Bd7 12. g4 h6 13. Qc2 Nc6 14. b3 Nb4 15.
Qc3 c5 16. a3 Nc6 17. Kf1 Rc8 18. Rd1 cxd4 19. Nxd4 Nd5 20. cxd5 Nxd4 21. Qd3
Nc2 22. Nc4 Nxe3+ 23. Nxe3 Rc3 24. Qb1 Rcxe3 25. fxe3 Bh4 26. Kg2 Rxe3 27. Bd3
Qf6 28. Rhf1 Rg3+ 29. Kh1 Rxh3+ 30. Kg2 Qe5 0-1

[Event "Open - 5 Day"]
[Site "Philadephia"]
[Date "2001.07.04"]
[Round "1"]
[White "Hanken, Jerome B"]
[Black "Paschall, William"]
[Result "0-1"]
[WhiteElo "2200"]
[BlackElo "2448"]
[Annotator "Jerry Hanken"]
[PlyCount "60"]
[EventDate "2001.07.04"]

1. c4 b6 2. e4 Bb7 3. Nc3 e6 4. Nf3 Bb4 5. Qc2 Ne7 6. g3 O-O 7. Bg2 Bxc3 8.
bxc3 f5 9. exf5 Rxf5 {White is forced to trade off the light squared Bishops,
but this should not be fatal in anyway.  The game is even.} 10. Nh4 Bxg2 11.
Nxg2 Nbc6 12. O-O Ne5 13. Ne3 Nf3+ 14. Kg2 Rf7 15. d4 d5 16. cxd5 exd5 17. Ng4
Ng6 18. h3 Qd7 19. Nh2 $1 {Getting rid of the offensive beast!} 19... Nxh2 20.
Kxh2 Rf3 21. Bg5 Raf8 22. Rae1 Qf7 23. Re2 h6 24. Bc1 Qf6 25. Kg2 h5 {
Much better and mnuch safer - maintaining equality - is h4 as the sacrifice of
the Knight doesn't work.} 26. c4 h4 27. g4 Rg3+ $1 {Diagram # White should of
course resign but, being in shock, White played a couple more moves.} 28. Kh2
Qf3 29. fxg3 hxg3+ 30. Kg1 Qxf1# 0-1

[Event "Open - 5 Day"]
[Site "Philadephia"]
[Date "2001.07.04"]
[Round "1"]
[White "Kalikshteyn, Alex"]
[Black "Larson, Gerald"]
[Result "1-0"]
[WhiteElo "2366"]
[BlackElo "2500"]
[PlyCount "87"]
[EventDate "2001.07.04"]

1. c4 f5 2. g3 Nf6 3. Bg2 g6 4. Nc3 Bg7 5. e3 d6 6. Nge2 e5 7. d3 O-O 8. O-O
Nc6 9. Rb1 a5 10. a3 Ne7 11. b4 axb4 12. axb4 g5 13. f4 h6 14. d4 e4 15. d5 g4
16. Qb3 Ne8 17. Bb2 Bd7 18. Rfd1 Ng6 19. Bf1 Rf7 20. c5 h5 21. Nd4 Bxd4 22.
Rxd4 h4 23. Rd2 Rh7 24. Ne2 Qe7 25. Nd4 Qf8 26. Rg2 Qh6 27. c6 Bc8 28. cxb7 {
Diagram #} 28... Bxb7 29. Nxf5 Qh5 30. Nxh4 Nxh4 31. gxh4 Ng7 32. Be2 Bc8 33.
Qd1 Qxh4 34. Bxg4 Kf8 35. Bxc8 Rxc8 36. Bxg7+ Rxg7 37. Rbb2 Ra8 38. Rxg7 Kxg7
39. Rg2+ Kf7 40. Kh1 Qf6 41. Qh5+ Kf8 42. Rg6 Qa1+ 43. Rg1 Qf6 44. Qh7 1-0

[Event "Open - 5 Day"]
[Site "Philadephia"]
[Date "2001.07.04"]
[Round "1"]
[White "Knecht, Mark"]
[Black "Van Buskirk, Charles"]
[Result "1/2-1/2"]
[WhiteElo "2092"]
[BlackElo "2087"]
[PlyCount "56"]
[EventDate "2001.07.04"]

1. d4 Nf6 2. Nf3 d5 3. e3 e6 4. Bd3 c5 5. b3 Nc6 6. O-O Bd6 7. Bb2 O-O 8. Nbd2
Qe7 9. Ne5 cxd4 10. exd4 Ba3 11. Bxa3 Qxa3 12. c3 Nxe5 13. dxe5 Nd7 14. Qe2 f6
15. exf6 Nxf6 16. Nf3 Bd7 17. Ne5 Rae8 18. Qc2 Qd6 19. Rae1 Re7 20. Re3 Be8 21.
Rfe1 g6 22. h3 Nd7 23. Qe2 Nxe5 24. Rxe5 Bd7 25. c4 dxc4 26. Bxc4 Rf6 27. a4
Kg7 28. Qd3 a6 1/2-1/2

[Event "Open - 5 Day"]
[Site "Philadephia"]
[Date "2001.07.04"]
[Round "1"]
[White "Nabil, Feliachi"]
[Black "Bereolos, Peter"]
[Result "0-1"]
[WhiteElo "2131"]
[BlackElo "2336"]
[PlyCount "58"]
[EventDate "2001.07.04"]

1. e4 e5 2. Nc3 Nc6 3. f4 Bc5 4. fxe5 d6 5. Nf3 dxe5 6. Bb5 Bd7 7. Bxc6 Bxc6 8.
d3 Qd6 9. Qe2 O-O-O 10. Be3 f6 11. O-O-O Ne7 12. d4 exd4 13. Nxd4 Qe5 14. Nxc6
Bxe3+ 15. Qxe3 Nxc6 16. Qh3+ Kb8 17. Rd7 Qg5+ 18. Kb1 Rxd7 19. Qxd7 Rd8 20. Qh3
Rd2 21. Qxh7 Qxg2 22. Rc1 a6 23. Nd5 Nd4 24. Qg8+ Ka7 25. Nxc7 Qxe4 26. Qa8+
Kb6 27. Qd8 Rxc2 28. Ne6+ Rc7+ 29. Ka1 Nc2+ 0-1

[Event "Open - 5 Day"]
[Site "Philadephia"]
[Date "2001.07.04"]
[Round "1"]
[White "Pappu, Anath"]
[Black "Dougherty, Michael"]
[Result "0-1"]
[WhiteElo "2078"]
[BlackElo "2346"]
[PlyCount "80"]
[EventDate "2001.07.04"]

1. e4 g6 2. d4 Bg7 3. g3 c5 4. Ne2 cxd4 5. Nxd4 Nc6 6. Nb3 d6 7. Bg2 Nf6 8. O-O
O-O 9. c3 Bg4 10. Qc2 Qc8 11. f3 Be6 12. Be3 b5 13. Qf2 Ne5 14. Rd1 Nc4 15. Nd4
Bh3 16. b3 Nxe3 17. Qxe3 Bxg2 18. Kxg2 Qc5 19. Qd3 a6 20. Nd2 Nd7 21. Rac1 Rac8
22. f4 Rc7 23. Ne2 Rfc8 24. Nf3 Qa3 25. Rc2 Qa5 26. Rdc1 Qb6 27. Nd2 Nf6 28.
Qf3 e5 29. h3 Rd8 30. g4 d5 31. fxe5 dxe4 32. Nxe4 Nxe4 33. Qxe4 Re7 34. c4
Rxe5 35. Qf3 Re3 36. c5 Qe6 37. Nf4 Qe5 38. Qf1 Qe4+ 39. Kh2 Rf3 40. Rf2 Qxf4+
0-1

[Event "Open - 5 Day"]
[Site "Philadephia"]
[Date "2001.07.04"]
[Round "1"]
[White "Smith, Bryan G"]
[Black "Roush, John E"]
[Result "1-0"]
[WhiteElo "2339"]
[BlackElo "2073"]
[PlyCount "41"]
[EventDate "2001.07.04"]

1. e4 c5 2. Nf3 e6 3. b3 d5 4. exd5 exd5 5. Bb2 Nf6 6. d4 Nc6 7. Bb5 a6 8.
Bxc6+ bxc6 9. O-O Be6 10. Re1 Be7 11. dxc5 Bxc5 12. Nd4 O-O 13. Nc3 Bd7 14. Qd3
Ng4 15. Na4 Bd6 16. Nf3 c5 17. Qxd5 Bxa4 18. Rad1 Bxh2+ 19. Nxh2 Qxd5 20. Rxd5
Nxh2 21. bxa4 1-0

[Event "Open - 5 Day"]
[Site "Philadephia"]
[Date "2001.07.04"]
[Round "1"]
[White "Van Delft, M."]
[Black "Dejmek, M."]
[Result "0-1"]
[WhiteElo "2386"]
[BlackElo "2154"]
[PlyCount "80"]
[EventDate "2001.07.04"]

1. e4 c5 2. Nf3 d6 3. d4 cxd4 4. Nxd4 Nf6 5. Nc3 g6 6. Be3 Bg7 7. f3 O-O 8. Qd2
Nc6 9. O-O-O d5 10. exd5 Nxd5 11. Nxc6 bxc6 12. Bd4 Nxc3 13. Qxc3 Bh6+ 14. Be3
Bxe3+ 15. Qxe3 Qb6 16. Qxe7 Be6 17. Qa3 Rfd8 18. Ba6 c5 19. Be2 c4 20. f4 c3
21. Qxc3 Rdc8 22. Qa3 Rab8 23. Rd6 Qf2 24. Bd3 Bxa2 25. Rxg6+ hxg6 26. Qxa2
Qxg2 27. Rd1 Rd8 28. f5 g5 29. f6 Qxh2 30. Kb1 Rxd3 31. cxd3 Qe2 32. Rg1 Qxd3+
33. Ka1 Qe3 34. Rd1 Rc8 35. Qd5 Rc1+ 36. Rxc1 Qxc1+ 37. Ka2 Qe3 38. Qd8+ Kh7
39. Qe7 Qe6+ 40. Ka3 a6 0-1

[Event "Open - 5 Day"]
[Site "Philadephia"]
[Date "2001.07.04"]
[Round "1"]
[White "Zaremba, Andrei"]
[Black "Price, Richard"]
[Result "1/2-1/2"]
[WhiteElo "2367"]
[BlackElo "2132"]
[PlyCount "76"]
[EventDate "2001.07.04"]

1. e4 c5 2. Nf3 Nc6 3. Bb5 e6 4. O-O Nge7 5. Nc3 a6 6. Be2 Nd4 7. Nxd4 cxd4 8.
Nb1 g6 9. d3 Bg7 10. f4 d5 11. e5 h5 12. Nd2 Bd7 13. Nf3 Nf5 14. Qe1 Bf8 15.
Qf2 Rc8 16. Bd1 Bc5 17. Ng5 Be7 18. Re1 Qc7 19. Nf3 b5 20. g3 Kf8 21. h3 Kg7
22. g4 hxg4 23. hxg4 Ne3 24. Bxe3 dxe3 25. Rxe3 Rh6 26. g5 Rh7 27. d4 Rch8 28.
Kg2 b4 29. c3 a5 30. Be2 Qb6 31. Rd1 bxc3 32. bxc3 Ba4 33. Re1 Qb2 34. Rf1 Qxa2
35. Bd3 Qxf2+ 36. Rxf2 Bb3 37. Bc2 Bc4 38. Bd3 Bb3 1/2-1/2

[Event "Open - 7 Day"]
[Site "Philadelphia"]
[Date "2001.07.03"]
[Round "2"]
[White "Braylovsky, Gregor"]
[Black "Cherniack, Alexander"]
[Result "1-0"]
[WhiteElo "2437"]
[BlackElo "2293"]
[PlyCount "55"]
[EventDate "2001.07"]

1. e4 e6 2. d4 d5 3. Nc3 Bb4 4. e5 c5 5. a3 Bxc3+ 6. bxc3 Ne7 7. Qg4 Qc7 8.
Qxg7 Rg8 9. Qxh7 cxd4 10. Ne2 Nbc6 11. f4 Bd7 12. Qd3 dxc3 13. h4 d4 14. h5
O-O-O 15. h6 f6 16. h7 Rh8 17. exf6 Nd5 18. Qg6 e5 19. f7 exf4 20. Rh5 Ne5 21.
Qe4 Nf6 22. Qxe5 Nxh5 23. Qxh5 d3 24. cxd3 Be6 25. Bxf4 Qxf7 26. Qc5+ Kd7 27.
Qb5+ Ke7 28. Bg5+ 1-0

[Event "Open - 7 Day"]
[Site "Philadelphia"]
[Date "2001.07.03"]
[Round "2"]
[White "Curdo, John A"]
[Black "Olsen, Robert"]
[Result "1-0"]
[WhiteElo "2318"]
[BlackElo "2033"]
[PlyCount "83"]
[EventDate "2001.07"]

1. e4 c6 2. d4 d5 3. e5 Bf5 4. Nf3 e6 5. Be2 Nd7 6. O-O Bg6 7. Nbd2 Nh6 8. c4
Nf5 9. c5 Be7 10. b4 O-O 11. Nb3 h5 12. Re1 h4 13. Bf4 Bh5 14. h3 Kh8 15. Nh2
Bxe2 16. Qxe2 g6 17. b5 cxb5 18. Qxb5 b6 19. c6 a6 20. Qd3 Nb8 21. Rec1 Qc7 22.
Rc2 Nxc6 23. Rac1 Nb4 24. Qxf5 Nxc2 25. Rxc2 Qb7 26. Qg4 Kg7 27. Nf3 Rac8 28.
Rxc8 Qxc8 29. Bg5 Bxg5 30. Nxg5 Qc2 31. Qxh4 Rh8 32. Qf4 Qb1+ 33. Kh2 Qf5 34.
Qd2 Rc8 35. g4 Qc2 36. Qf4 Rc7 37. Kg2 a5 38. h4 a4 39. Nc5 Ra7 40. Qf6+ Kg8
41. Qd8+ Kg7 42. Nd7 1-0

[Event "Open - 7 Day"]
[Site "Philadelphia"]
[Date "2001.07.03"]
[Round "2"]
[White "Doettling, Fabian"]
[Black "Mascarinas, Rico"]
[Result "1-0"]
[WhiteElo "2587"]
[BlackElo "2327"]
[PlyCount "71"]
[EventDate "2001.07"]

1. d4 Nf6 2. Nf3 b5 3. Bg5 Ne4 4. Bh4 Bb7 5. Nbd2 Nxd2 6. Qxd2 g6 7. e3 a6 8.
Be2 Bg7 9. a4 c6 10. O-O O-O 11. axb5 cxb5 12. Ra2 d5 13. Rfa1 Nc6 14. Ne1 Qb6
15. Nd3 Rfe8 16. Nc5 Bc8 17. b4 e5 18. c3 Ra7 19. Bf3 e4 20. Be2 Bf8 21. Ra3
Nb8 22. Bg3 Bxc5 23. dxc5 Qb7 24. Bxb8 Qxb8 25. Qxd5 Rd7 26. Qg5 Rd2 27. R3a2
Red8 28. Rxd2 Rxd2 29. Rd1 Rxd1+ 30. Bxd1 Be6 31. Qf6 Qc8 32. Qd4 Qd7 33. Bc2
Qxd4 34. cxd4 Bd5 35. g4 g5 36. f3 1-0

[Event "Open - 7 Day"]
[Site "Philadelphia"]
[Date "2001.07.03"]
[Round "2"]
[White "Ehlvest, Jan"]
[Black "Popovych, Orest"]
[Result "1-0"]
[WhiteElo "2703"]
[BlackElo "2339"]
[PlyCount "47"]
[EventDate "2001.07"]

1. e4 c5 2. Nf3 d6 3. d4 cxd4 4. Nxd4 Nf6 5. Nc3 a6 6. Be3 e5 7. Nb3 Be6 8. f3
Nbd7 9. Qd2 Be7 10. g4 Rc8 11. O-O-O Nb6 12. Kb1 O-O 13. h4 Nc4 14. Bxc4 Rxc4
15. h5 {Diagram} 15... Qc7 16. g5 Nd7 17. g6 Nf6 18. Rdg1 Rc8 19. Bh6 Bf8 20.
gxh7+ Kxh7 21. Bxg7 Bxg7 22. h6 Bf8 23. Qg5 Ng4 24. Rxg4 1-0

[Event "Open - 7 Day"]
[Site "Philadelphia"]
[Date "2001.07.03"]
[Round "2"]
[White "Fayvinov, Zakhar"]
[Black "Nsubuga, Grace"]
[Result "1/2-1/2"]
[WhiteElo "2291"]
[BlackElo "2364"]
[PlyCount "103"]
[EventDate "2001.07"]

1. Nf3 Nf6 2. c4 e6 3. g3 b6 4. Bg2 Bb7 5. O-O c5 6. Nc3 Be7 7. Re1 O-O 8. e4
d6 9. d4 cxd4 10. Nxd4 a6 11. b3 Qc7 12. Bb2 Nc6 13. Rc1 Nxd4 14. Qxd4 Rab8 15.
Nd1 Ne8 16. Ne3 Bf6 17. Qd2 Bxb2 18. Qxb2 Nf6 19. Nc2 Rfd8 20. Nd4 Qc5 21. b4
Qh5 22. h3 Qg6 23. Qe2 h5 24. Kh2 h4 25. g4 Qg5 26. Qe3 Qxe3 27. Rxe3 g6 28. b5
e5 29. Nb3 Ra8 30. Rc2 Rdc8 31. a4 axb5 32. axb5 Ra3 33. f3 Rc7 34. Bf1 Bc8 35.
Rd3 Ne8 36. Nc1 Ra5 37. Rdc3 Kf8 38. Nd3 Ra4 39. Nb2 Rb4 40. Nd3 Ra4 41. Ne1
Rca7 42. Ng2 g5 43. Ne3 Be6 44. Nd5 Bxd5 45. cxd5 Ra2 46. Rxa2 Rxa2+ 47. Kg1
Ra8 48. Kf2 Ke7 49. Rc6 Rb8 50. Rc2 Ra8 51. Rc6 Rb8 52. Rc2 1/2-1/2

[Event "Open - 7 Day"]
[Site "Philadelphia"]
[Date "2001.07.03"]
[Round "2"]
[White "Fernandez, John C"]
[Black "Solon, Nathan W"]
[Result "1-0"]
[WhiteElo "2020"]
[BlackElo "2219"]
[PlyCount "57"]
[EventDate "2001.07"]

1. e4 c5 2. Nf3 d6 3. d4 cxd4 4. Nxd4 Nf6 5. Nc3 g6 6. Be3 Bg7 7. f3 O-O 8. Qd2
Nc6 9. O-O-O d5 10. exd5 Nxd5 11. Nxc6 bxc6 12. Bd4 e5 13. Bc5 Be6 14. Ne4 Rb8
15. Bc4 Re8 16. Bb3 h6 17. g4 f5 18. gxf5 gxf5 19. Rhg1 {Diagram} 19... Kh8 ({
Fritz 5.32:} 19... fxe4 20. Qxh6 Rb7 21. Bxd5 cxd5 22. Rg5 exf3 23. Rdg1 Qxg5+
24. Qxg5 {0.84/11}) 20. Nd6 Re7 21. Rg6 Qd7 22. Rdg1 Rg8 23. Bxd5 cxd5 24.
Rxh6+ Bxh6 25. Qxh6+ Rh7 26. Qf6+ Rhg7 27. Rg5 Bf7 28. Nxf5 Qe6 29. Rh5+ 1-0

[Event "Open - 7 Day"]
[Site "Philadelphia"]
[Date "2001.07.03"]
[Round "2"]
[White "Formanek, Edward W"]
[Black "Amador, Jorge E"]
[Result "1/2-1/2"]
[WhiteElo "2349"]
[BlackElo "1940"]
[PlyCount "81"]
[EventDate "2001.07"]

1. e4 c5 2. Nf3 Nc6 3. d4 cxd4 4. Nxd4 Nf6 5. Nc3 e5 6. Ndb5 d6 7. Bg5 a6 8.
Na3 Be6 9. Nc4 Rc8 10. Nd5 Bxd5 11. exd5 Ne7 12. Bxf6 gxf6 13. a4 Rc5 14. Ne3
Bh6 15. c4 Qa5+ 16. Qd2 Qxd2+ 17. Kxd2 a5 18. Bd3 Kd7 19. b3 f5 20. Ke2 Bxe3
21. fxe3 e4 22. Bb1 Rg8 23. Kf2 Rcc8 24. Rf1 Kc7 25. Bc2 Kb6 26. Bd1 Kc5 27. g3
Rg5 28. Ke1 h5 29. Ra2 {Diagram} 29... Rcg8 30. Raf2 Kb4 31. Kd2 R5g7 32. Kc2
Rg5 33. Be2 Rh8 34. Rf4 Rh7 35. Kb2 Rh8 36. R1f2 Rh7 37. Bd1 Rh8 38. Rf1 Rh7
39. Be2 Rh8 40. R1f2 Rh7 41. Kc2 1/2-1/2

[Event "Open - 7 Day"]
[Site "Philadelphia"]
[Date "2001.07.03"]
[Round "2"]
[White "Mayers, Dan E"]
[Black "Hajenius, Willem D"]
[Result "1/2-1/2"]
[WhiteElo "1908"]
[BlackElo "2142"]
[PlyCount "91"]
[EventDate "2001.07"]

1. e4 c5 2. d4 cxd4 3. c3 d3 4. Bxd3 g6 5. c4 Bg7 6. Nc3 Nc6 7. Nf3 d6 8. Be3
Nf6 9. Rc1 O-O 10. Qd2 Ng4 11. Bg5 Be6 12. b3 h6 13. Bf4 Qd7 14. Bb1 g5 15. Bg3
f5 16. exf5 Bxf5 17. O-O Bxb1 18. Nxb1 Rxf3 19. gxf3 Nd4 20. Kg2 Qc6 21. Rc3
Rf8 22. Qd1 h5 23. Rd3 e5 24. Nc3 Nf6 25. Nb5 Nxf3 26. Qxf3 e4 27. Qf5 exd3+
28. f3 d5 29. Nd4 Qb6 30. Bf2 Qa5 31. Qxd3 dxc4 32. Qxc4+ Kh8 33. Ne6 Rg8 34.
Bd4 Qf5 35. Re1 g4 36. f4 h4 37. Re5 h3+ 38. Kf2 g3+ 39. Ke1 Qb1+ 40. Kd2 gxh2
41. Nxg7 h1=Q 42. Rh5+ Nxh5 43. Nxh5+ Rg7 44. Qc8+ Kh7 45. Nf6+ Kg6 46. Qg4+
1/2-1/2